Interventions to Improve Student Mental Health (Record no. 352236)
[ view plain ]
| 000 -LEADER | |
|---|---|
| fixed length control field | 00643nam a2200109Ia 4500 |
| 008 - FIXED-LENGTH DATA ELEMENTS--GENERAL INFORMATION | |
| fixed length control field | 171212s9999 xx 000 0 und d |
| 100 ## - MAIN ENTRY--PERSONAL NAME | |
| Personal name | Stein, Bradley D.;Sontag-Padilla, Lisa M.;Osilla, Karen Chan;Woodbridge, Michelle;Kase, Courtney Ann |
| 245 ## - TITLE STATEMENT | |
| Statement of responsibility, etc | Stein, Bradley D.;Sontag-Padilla, Lisa M.;Osilla, Karen Chan;Woodbridge, Michelle;Kase, Courtney Ann |
| Title | Interventions to Improve Student Mental Health |
| Remainder of title | A Literature Review to Guide Evaluation of California's Mental Health Prevention and Early Intervention Initiative |
| 260 ## - PUBLICATION, DISTRIBUTION, ETC. (IMPRINT) | |
| Name of publisher, distributor, etc | RAND Corporation |
| Date of publication, distribution, etc | 2012 |
| 650 ## - SUBJECT ADDED ENTRY--TOPICAL TERM | |
| Topical term or geographic name as entry element | Health Sciences |
| 856 ## - ELECTRONIC LOCATION AND ACCESS | |
| Uniform Resource Identifier | <a href="http://www.jstor.org/stable/10.7249/j.ctt5hhtng">http://www.jstor.org/stable/10.7249/j.ctt5hhtng</a> |
| Withdrawn status | Lost status | Damaged status | Home library | Current library | Date acquired | Total Checkouts | Date last seen | Price effective from | Koha item type |
|---|---|---|---|---|---|---|---|---|---|
| College Library | College Library | 12/12/2017 | 12/12/2017 | 12/12/2017 | Curriculum - Based eBooks |